| 000 | 01071na a2200313 4500 | ||
|---|---|---|---|
| 999 |
_c13145 _d13145 |
||
| 001 | 15587 | ||
| 003 | MIRAKIL | ||
| 005 | 20190415164705.0 | ||
| 008 | 161006b tu 000 0 | ||
| 020 | _a9757217220 | ||
| 035 | _a15587 | ||
| 040 |
_aMilas _btur _cTR-AnCHP |
||
| 041 | _atur | ||
| 082 |
_a323.09561 1997 _bT53b 1999 |
||
| 090 | _a323.09561 1997 T53b 1999 | ||
| 110 | _aTürkiye İnsan Hakları Vakfı (TİHV) | ||
| 222 | _aTürkiye insan hakları raporu | ||
| 245 |
_a1997 Türkiye insan hakları raporu _cTürkiye İnsan Hakları Vakfı |
||
| 260 |
_aAnkara _bTürkiye İnsan Hakları Vakfı Yayınları _c1999 |
||
| 300 |
_a446 s. _c25 sm. |
||
| 490 |
_aTürkiye İnsan Hakları Vakfı yayınları _v20 |
||
| 650 |
_aİnsan hakları _xRaporlar _y1997 _zTürkiye |
||
| 650 |
_aİnsan hakları ihlali _xRaporlar _xYıllıklar _y1997 _zTürkiye |
||
| 650 |
_aHak ve özgürlükler _xRaporlar _xYıllıklar _y1997 _zTürkiye |
||
| 650 |
_aMedeni haklar _xRaporlar _xYıllıklar _y1997 _zTürkiye |
||
| 942 |
_2ddc _cBKS |
||
| 999 | _d13145 | ||
| 999 | _d6675 | ||